Statistics for Countries Names in Spanish

Click here to take the quiz!

General Stats

  • This quiz has been taken 25 times
  • The average score is 15 of 15

Answer Stats

HintAnswer% Correct
BélgicaBelgium
100%
CamboyaCambodia
100%
EgiptoEgypt
100%
GreciaGreece
100%
IrlandaIreland
100%
ItaliaItaly
100%
Nueva ZelandaNew Zealand
100%
EspañaSpain
100%
TailandiaThailand
100%
Estados UnidosUnited States
100%
PoloniaPoland
96%
DinamarcaDenmark
92%
SuizaSwitzerland
92%
AlemaniaGermany
88%
SueciaSweden
88%

Score Distribution

Percentile by Number Answered

Percent of People with Each Score

Your Score History

You have not taken this quiz